Earth friends at school / (Record no. 6444)

MARC details
000 -LEADER
fixed length control field 01774cam a2200433 a 4500
001 - CONTROL NUMBER
control field 6444
003 - CONTROL NUMBER IDENTIFIER
control field FISKH
005 - DATE AND TIME OF LATEST TRANSACTION
control field 20250502114252.0
008 - FIXED-LENGTH DATA ELEMENTS--GENERAL INFORMATION
fixed length control field 030925s2004 ilua b b 001 0 eng
010 ## - LIBRARY OF CONGRESS CONTROL NUMBER
LC control number 2003021014
020 ## - INTERNATIONAL STANDARD BOOK NUMBER
International Standard Book Number 1403448973
020 ## - INTERNATIONAL STANDARD BOOK NUMBER
International Standard Book Number 9781403449023
020 ## - INTERNATIONAL STANDARD BOOK NUMBER
International Standard Book Number 1403449023 (pbk.)
040 ## - CATALOGING SOURCE
Original cataloging agency DLC
Transcribing agency DLC
Modifying agency DLC
Language of cataloging eng
050 ## - LIBRARY OF CONGRESS CALL NUMBER
Classification number TD171 .G35
082 ## - DEWEY DECIMAL CLASSIFICATION NUMBER
Classification number 333.72
100 1# - MAIN ENTRY--PERSONAL NAME
Personal name Galko, Francine.
245 10 - TITLE STATEMENT
Title Earth friends at school /
Statement of responsibility, etc. Francine Galko.
260 ## - PUBLICATION, DISTRIBUTION, ETC.
Place of publication, distribution, etc. Chicago :
Name of publisher, distributor, etc. Heinemann Library,
Date of publication, distribution, etc. 2004.
300 ## - PHYSICAL DESCRIPTION
Extent 32 pages :
Other physical details color illustrations ;
Dimensions 23 cm
440 #0 - SERIES STATEMENT/ADDED ENTRY--TITLE
Title Heinemann first library
490 1# - SERIES STATEMENT
Series statement Earth friends
504 ## - BIBLIOGRAPHY, ETC. NOTE
Bibliography, etc. note Includes bibliographical references and index.
505 0# - FORMATTED CONTENTS NOTE
Formatted contents note N<br/>
505 0# - FORMATTED CONTENTS NOTE
Formatted contents note What is an Earth friend? -- Earth's resources -- Getting to and from school -- In the classroom -- In the cafeteria -- In the library -- On the playground -- Recycling at school -- Using less paper -- Arts and crafts at school -- Reusing school supplies -- Gardening for wildlife -- Gardening for food -- Activity: make a mobile.
520 ## - SUMMARY, ETC.
Summary, etc. Discusses the importance of reducing waste, recycling, and reusing products in the context of school.
521 8# - TARGET AUDIENCE NOTE
Target audience note 590<br/>
Source Lexile IG
521 8# - TARGET AUDIENCE NOTE
Target audience note N<br/>
Source Raz-Plus<br/>
650 #0 - SUBJECT ADDED ENTRY--TOPICAL TERM
Topical term or geographic name entry element Environmental protection
General subdivision Citizen participation
Form subdivision Juvenile literature.
650 #0 - SUBJECT ADDED ENTRY--TOPICAL TERM
Topical term or geographic name entry element Energy conservation
Form subdivision Juvenile literature.
650 #0 - SUBJECT ADDED ENTRY--TOPICAL TERM
Topical term or geographic name entry element School recycling programs
Form subdivision Juvenile literature.
650 #0 - SUBJECT ADDED ENTRY--TOPICAL TERM
Topical term or geographic name entry element Recycling (Waste, etc.)
Form subdivision Juvenile literature.
650 #1 - SUBJECT ADDED ENTRY--TOPICAL TERM
Topical term or geographic name entry element Environmental protection
General subdivision Citizen participation.
650 #1 - SUBJECT ADDED ENTRY--TOPICAL TERM
Topical term or geographic name entry element Energy conservation.
650 #1 - SUBJECT ADDED ENTRY--TOPICAL TERM
Topical term or geographic name entry element Recycling (Waste)
906 ## - LOCAL DATA ELEMENT F, LDF (RLIN)
a 7
b cbc
c orignew
d 1
e ecip
f 20
g y-gencatlg
942 ## - ADDED ENTRY ELEMENTS (KOHA)
Source of classification or shelving scheme Dewey Decimal Classification
Koha item type Books
Suppress in OPAC No
Holdings
Withdrawn status Lost status Source of classification or shelving scheme Damaged status Not for loan Collection Home library Current library Shelving location Date acquired Total Checkouts Full call number Barcode Date last seen Copy number Price effective from Koha item type
    Dewey Decimal Classification     Non-Fiction Footprints International School Library Network Toul Kork Campus Footprints International School Library Network Toul Kork Campus TK Primary Library Room(4th Floor), Bookcase 3&4, Shelves 17-32, Yellow Books 05/02/2025   GAL 333.72 LCC TD171 .G35 FISTK02045 05/02/2025 1 05/02/2025 Books